Manual del taller mecánico y vocabulario de taller / (Record no. 45403)

MARC details
000 -LEADER
campo de control de longitud fija 00633nam a2200157 i 4500
001 - NÚMERO DE CONTROL
campo de control 45403
003 - IDENTIFICADOR DE NÚMERO DE CONTROL
campo de control ES-MaACL
007 - CAMPO FIJO DE DESCRIPCIÓN FÍSICA--INFORMACIÓN GENERAL
campo de control de longitud fija t|
008 - DATOS DE LONGITUD FIJA--INFORMACIÓN GENERAL
campo de control de longitud fija 030325s1954 sp ||||1| spa d
100 1# - ENTRADA PRINCIPAL--NOMBRE DE PERSONA
Nombre de persona Colvin, Fred H.
9 (RLIN) 39919
245 10 - MENCIÓN DEL TÍTULO
Título Manual del taller mecánico y vocabulario de taller /
Mención de responsabilidad, etc. por Fred H. Colvin ; traducción de la octava edición norteamericana, corregida y aumetada por varios especialistas bajo la dirección de Antidio Layret Foix.
260 ## - PUBLICACIÓN, DISTRIBUCIÓN, ETC.
Lugar de publicación, distribución, etc. Barcelona :
Nombre del editor, distribuidor, etc. Labor,
Fecha de publicación, distribución, etc. 1954 (
Fabricante Talls. Gráfs. Iberoamericanos)
300 ## - DESCRIPCIÓN FÍSICA
Extensión 2 v. :
Otras características físicas il. ;
Dimensiones 20 cm.
700 1# - ENTRADA AGREGADA--NOMBRE PERSONAL
Nombre de persona Layret Foix, Antidio.
9 (RLIN) 70769
852 ## - LOCALIZACIÓN
Ubicación ES-MaACL
Número de control de estantería C-7933-34
Holdings
Estatus retirado Estado de pérdida Estado de daño No para préstamo Biblioteca de origen Biblioteca actual Ubicación en estantería Fecha de adquisición Fuente de adquisición Total de préstamos Signatura topográfica completa Código de barras Visto por última vez Precio de reemplazo Tipo de ítem Koha
        Biblioteca del Ateneo de Madrid Biblioteca del Ateneo de Madrid Sala Palomar 17/01/2008     C-7933-34 1047773 23/02/2023 23/02/2023 Libro impreso